000 01037cam a2200253 4500
001 WB3706-20
008 000000n2001 000 0 eng u
035 _a(Sirsi) u110807
245 _aDeadline for rent review solutions
260 _c2001
490 _aRetail Week
_v2 February 2001, 24(1)
520 _aGovernment sets a deadline of the end of March 2001 for its property advisory body to complete an analysis of alternative models of commercial lease structures. Continued government involvement was welcomed by the Property Market Reform Group who believe that transparency and flexibility in commercial property is vital if a fairer market is to evolve.
590 _aWB
650 _aRENT REVIEWS
650 _aUPWARD ONLY RENT REVIEWS
650 _aCOMMERCIAL LEASES
650 _aLEASE STRUCTURES
650 _aFLEXIBILITY
650 _aPROPERTY INDUSTRY FORUM
650 _aREFORM
650 _aPROPERTY-COMMERCIAL PROPERTY-COMMERCIAL PROPERTY MARKET
690 _aLANDLORD AND TENANT-LEASES
942 _n0
999 _c66057
_d66057